01707cam a2200265 i 450000100090000000300060000900500170001500800410003201000170007302000260009004000280011604200080014405000210015208200210017310000430019424501210023726400540035830000280041233600210044033700250046133800230048650400660050950508410057563000250141618570604GBCCL20241128103500.0150409s2015 miu b 001 0 eng  a 2015014074 a9780801039775 (cloth) aDLCbengcDLCerdadDLC apcc00aBS476b.B37 201500a220.601223bBAR1 aBartholomew, Craig G.,d1961-eauthor.10aIntroducing biblical hermeneutics :ba comprehensive framework for hearing God in Scripture /cCraig G. Bartholomew. 1aGrand Rapids, Michigan :bBaker Academic,c[2015] axiv, 623 pages ;c24 cm atext2rdacontent aunmediated2rdamedia avolume2rdacarrier aIncludes bibliographical references (page 547-591) and index.0 aApproaching biblical interpretation -- Biblical interpretation Coram Deo -- Listening and biblical interpretation -- Biblical interpretation and biblical theology -- The story of our world -- The development of biblical theology -- The story of biblical interpretation -- The traditions within which we read -- Early and medieval Jewish biblical interpretation -- Renaissance, reformation, and modernity -- Canon -- Biblical interpretation and the academic disciplines -- Philosophy, hermeneutics, and biblical interpretation -- History -- Literature -- Theology -- Scripture and the university : the ecology of christian scholarship -- The goal of biblical interpretation -- The "Epistle" to the Hebrews : but we do see Jesus -- Preaching the Bible for all it's worth : the resurrection of the Sermon and the Incarnation of the Christ.00aBiblexHermeneutics.